00874nam a22002177a 4500003000900000008004100009020001800050040007100068082002100139100003400160245017400194260005000368300004600418650002300464650002400487650002500511650002200536650002500558650002200583710005100605AR-CdUCM190409b ||||| |||| 00| 0 spa d a9786124200502 aMUNICIPALIDAD PROVINCIAL DEL CUSCOcBIBLIOTECA MUNICIPAL DEL CUSCO a343.5/CH28bCH28 aChávez López, Dany Ramiro aPartidos políticos y democracia en el Perú :bDespués de una década de la ley de partidos políticos. Hacia la reforma electoral /cDany Ramiro Chávez López aLima :bJurado Nacional de Elecciones,c2015. a642 páginas. :bilustraciones ;c21 cm. aCiencia política aHistoria política aEstudios electorales aDerecho electoral aPartidos políticos aReforma electoral aJurado Nacional de Eleccionestentidad editora